<?xml version="1.0" encoding="UTF-8"?>
<record
    xmlns:xsi="http://www.w3.org/2001/XMLSchema-instance"
    xsi:schemaLocation="http://www.loc.gov/MARC21/slim http://www.loc.gov/standards/marcxml/schema/MARC21slim.xsd"
    xmlns="http://www.loc.gov/MARC21/slim">

  <leader>01025nam a2200301   4500</leader>
  <controlfield tag="001">79</controlfield>
  <controlfield tag="003">OSt</controlfield>
  <controlfield tag="005">20250123133004.0</controlfield>
  <controlfield tag="008">250123b        |||||||e |||| 00| 0 eng d</controlfield>
  <datafield tag="040" ind1=" " ind2=" ">
    <subfield code="b">por</subfield>
  </datafield>
  <datafield tag="041" ind1=" " ind2=" ">
    <subfield code="h">eng</subfield>
    <subfield code="a">por</subfield>
  </datafield>
  <datafield tag="082" ind1=" " ind2=" ">
    <subfield code="a">813</subfield>
    <subfield code="b">B922c</subfield>
  </datafield>
  <datafield tag="100" ind1="1" ind2=" ">
    <subfield code="a">Buck, Pearl S.</subfield>
    <subfield code="d">1892-1973.</subfield>
  </datafield>
  <datafield tag="240" ind1=" " ind2=" ">
    <subfield code="a">China as I see it</subfield>
  </datafield>
  <datafield tag="245" ind1=" " ind2=" ">
    <subfield code="a">A China que eu vi /</subfield>
    <subfield code="c">Buck, Pearl S. ; Tradu&#xE7;&#xE3;o de Syomara Cajado</subfield>
  </datafield>
  <datafield tag="260" ind1=" " ind2=" ">
    <subfield code="a">S&#xE3;o Paulo</subfield>
    <subfield code="b">Nova Epoca</subfield>
  </datafield>
  <datafield tag="300" ind1=" " ind2=" ">
    <subfield code="a">342 p.</subfield>
  </datafield>
  <datafield tag="520" ind1=" " ind2=" ">
    <subfield code="a">China as I See It (1970) -- A China &#xE9; retratada com toda fidelidade e em todo o seu humanismo pela escritora pr&#xEA;mios Nobel e Pulitzer. O leitor contemplar&#xE1; atrav&#xE9;s de suas p&#xE1;ginas a beleza da China milenar, e seu paciente povo. |...|</subfield>
  </datafield>
  <datafield tag="650" ind1=" " ind2="0">
    <subfield code="a">Literatura Americana</subfield>
    <subfield code="9">84</subfield>
  </datafield>
  <datafield tag="650" ind1=" " ind2="0">
    <subfield code="a">Experi&#xEA;ncia de vida</subfield>
    <subfield code="9">188</subfield>
  </datafield>
  <datafield tag="650" ind1=" " ind2="0">
    <subfield code="a">Pr&#xEA;mio Nobel</subfield>
    <subfield code="9">191</subfield>
  </datafield>
  <datafield tag="650" ind1=" " ind2="0">
    <subfield code="a">Hist&#xF3;ria</subfield>
    <subfield code="9">116</subfield>
  </datafield>
  <datafield tag="650" ind1=" " ind2="0">
    <subfield code="a">Viagens</subfield>
    <subfield code="9">189</subfield>
  </datafield>
  <datafield tag="655" ind1=" " ind2="0">
    <subfield code="a">Romance</subfield>
    <subfield code="9">23</subfield>
  </datafield>
  <datafield tag="655" ind1=" " ind2="0">
    <subfield code="a">N&#xE3;o Fic&#xE7;&#xE3;o</subfield>
    <subfield code="9">102</subfield>
  </datafield>
  <datafield tag="700" ind1=" " ind2=" ">
    <subfield code="a">Syomara Cajado</subfield>
    <subfield code="e">Tradutor</subfield>
    <subfield code="9">190</subfield>
  </datafield>
  <datafield tag="942" ind1=" " ind2=" ">
    <subfield code="2">ddc</subfield>
    <subfield code="n">0</subfield>
    <subfield code="c">BK</subfield>
  </datafield>
  <datafield tag="952" ind1=" " ind2=" ">
    <subfield code="0">0</subfield>
    <subfield code="1">0</subfield>
    <subfield code="2">ddc</subfield>
    <subfield code="4">0</subfield>
    <subfield code="7">0</subfield>
    <subfield code="8">NFIC</subfield>
    <subfield code="a">BIBIB</subfield>
    <subfield code="b">BIBIB</subfield>
    <subfield code="c">LE</subfield>
    <subfield code="d">1971-02-16</subfield>
    <subfield code="e">doa&#xE7;&#xE3;o</subfield>
    <subfield code="l">0</subfield>
    <subfield code="o">813 / B922c</subfield>
    <subfield code="p">2025-12441</subfield>
    <subfield code="r">2025-01-23 08:06:13</subfield>
    <subfield code="w">2025-01-23</subfield>
    <subfield code="y">BK</subfield>
  </datafield>
  <datafield tag="999" ind1=" " ind2=" ">
    <subfield code="c">79</subfield>
    <subfield code="d">79</subfield>
  </datafield>
</record>
